Statistics for Name That Guitar

Click here to take the quiz!

General Stats

  • This quiz has been taken 73 times
  • The average score is 9 of 16

Answer Stats

Answer % Correct
Fender Stratocaster
96%
Gibson Les Paul
93%
Fender Telecaster
89%
Gibson Flying V
87%
Gibson SG
84%
Fender Jazzmaster
73%
Fender Jaguar
64%
Gibson Explorer
64%
Fender Mustang
53%
Ibanez RG series
49%
Gibson ES-335
49%
Rickenbacker 300 series
35%
Danelectro U2
27%
Gibson EDS-1275
27%
Gretsch 6120
25%
Ibanez Iceman
24%

Score Distribution

Percentile by Number Answered

Percent of People with Each Score

Your Score History

You have not taken this quiz